Strategic international management

Guardado en:
Detalles Bibliográficos
Autor principal: Parboteeah, K. Praveen
Otros Autores: Cullen, John B.
Formato: Libro
Lenguaje:inglés
Publicado: Hampshire South-Western Cengage Learning 2011
Edición:5th ed.
Materias:
Etiquetas: Agregar Etiqueta
Sin Etiquetas, Sea el primero en etiquetar este registro!

MARC

LEADER 00000nam a2200000 4500
001 0142022
005 20240313131412.8
020 |a 978-0-538-45296-0 
020 |a 0-538-45296-X 
041 0 |a eng 
044 |a GB 
245 1 0 |a Strategic international management  |c K. Praveen Parboteeah, John. B. Cullen 
250 |a 5th ed. 
264 1 |a Hampshire  |b South-Western Cengage Learning  |c 2011 
300 |a 706 s. 
610 2 0 |a manažment medzinárodný 
610 2 0 |a manažment strategický 
610 2 0 |a podnik multinacionálny 
610 2 0 |a riadenie ľudských zdrojov 
610 2 0 |a komunikácia multikultúrna 
610 2 0 |a štúdie prípadové 
100 1 |a Parboteeah, K. Praveen 
700 1 |a Cullen, John B.